Zovšeobecnenie Markowitzovho modelu riešenia problému portfólia

Tobin-Sharpe-Lintnerov model. Predaj na krátko. Jednoindexový model. Model oceňovania kapitálových aktív.

Uložené v:
Podrobná bibliografia
Hlavný autor: Trnovský, Juraj
Médium: Kapitola
Jazyk:Slovak
Predmet:
Tagy: Pridať tag
Žiadne tagy, Buďte prvý, kto otaguje tento záznam!

MARC

LEADER 00000naa a2200000 4500
001 r017892
005 20221205103247.0
041 0 |a slo 
044 |a SK 
245 1 0 |a Zovšeobecnenie Markowitzovho modelu riešenia problému portfólia  |c J. Trnovský 
520 |a Tobin-Sharpe-Lintnerov model. Predaj na krátko. Jednoindexový model. Model oceňovania kapitálových aktív. 
610 2 0 |a portfólio 
610 2 0 |a modely ekonomické 
610 2 0 |a oceňovanie 
610 2 0 |a aktíva 
610 2 0 |a predaj 
100 1 |a Trnovský, Juraj